00430nam a2200193Ia 4500003000900000008004100009040001300050040001300063041000800076100002100084245004000105250001600145260001200161260000900173300001100182300001200193490002300205490000800228IT-RoPAU120407s9999 xx 000 0 und d aIT-RoPAU cIT-RoPAU aita aMartin Heidegger aKant e il problema della metafisica aRoma - Bari aLaterza c1985 a242 p. c18,1 cm aUniversale Laterza v678